ज्ञान पहेलियां / (Record no. 149747)

MARC details
000 -LEADER
fixed length control field 01136nam a22002057a 4500
005 - DATE AND TIME OF LATEST TRANSACTION
control field 20180206150537.0
010 ## - LCCN (DPL NO)
LC control number B-665419
020 ## - INTERNATIONAL STANDARD BOOK NUMBER
International Standard Book Number 8179000079
Terms of availability 295.00
035 ## - SYSTEM CONTROL NUMBER
System control number B-665419
037 ## - SOURCE OF ACQUISITION
Source of stock number/acquisition लिट्रेसी हाउस
082 ## - DEWEY DECIMAL CLASSIFICATION NUMBER
Classification number 398.6
100 ## - MAIN ENTRY--PERSONAL NAME
Personal name मुकेश नादान
245 ## - TITLE STATEMENT
Title ज्ञान पहेलियां /
Statement of responsibility, etc मुकेश नादान एवं निरूपमा
260 ## - PUBLICATION, DISTRIBUTION, ETC. (IMPRINT)
Place of publication, distribution, etc नई दिल्ली
Name of publisher, distributor, etc एम. एन.पब्लिशर्स एण्ड डिस्ट्रीब्यूटर्स
Date of publication, distribution, etc 2016
270 ## - ADDRESS
Address W-112, ग्रेटरकैलाश-1
City नई दिल्ली
Postal code 110048
300 ## - PHYSICAL DESCRIPTION
Extent 100पृ.
Dimensions 24सेमी (सजिल्द)
700 ## - ADDED ENTRY--PERSONAL NAME
Personal name निरूपमा
9 (RLIN) 19477
942 ## - ADDED ENTRY ELEMENTS (KOHA)
Source of classification or shelving scheme Dewey Decimal Classification
Item type Children Books
Call number suffix मुकेश
Classification part 398.6
Holdings
Withdrawn status Lost status Not for loan Collection code Home library Current library Date acquired Source of acquisition Cost, normal purchase price Full call number Barcode Copy number Cost, replacement price Koha item type
      Non-fiction Ashok Vihar Ashok Vihar 06/02/2018 लिट्रेसी हाउस /806/17/28.02.17/532/16.02.17/08.03.17 295.00 398.6 मुकेश B-665419 1 295.00 Children Books

© Delhi Public Library
Hit Counter
free hit counter